Statistiques concernant Invités de Squeezie Gaming

Cliquez ici pour prendre le quiz!

Statistiques générales

  • Ce quiz a été pris 552 fois
    (475 depuis la dernière actualisation)
  • Le résultat moyen est 15 sur 56

Statistiques - réponses

Nombre de vidéosNom% Correct
79GOTAGA
90%
152Doigby
87%
120LOCKLEAR
83%
80Mickalow
68%
4Cyprien
67%
32Maghla
60%
4Joueur du Grenier (Seb)
59%
4Mcfly
56%
4Carlito
55%
34Kameto
52%
219SQUEEZIE
52%
30Terracid
47%
13Laink
46%
6SEB
43%
18Jeel
42%
8Joueur Du Grenier (Fred)
42%
12JOYCA
42%
16Domingo
33%
15mistermv
32%
11Sofyan
31%
6ZeratoR
29%
5Luciole
28%
10KENZ
27%
1Bigflo
26%
17Bob Lennon
25%
3Kotei
25%
8Maxenss
22%
15AlphaCast
21%
6Xari
20%
17Solary Kinstaar
19%
19AKYTIO
18%
4DEO TOONS
18%
5JirayaTV
18%
7CYRILmp4
15%
2Shytoos
14%
8MasterSnakou
12%
3Snaptrox
12%
3Fuze III
11%
3Jbzz
9%
1Adz
7%
9Lutti
7%
3befreesh
5%
3FabienOlicard
5%
2SuperZouloux
5%
9Théo Bernard
5%
3BrokyBrawks
4%
2DRG
4%
3Senda
4%
1Pindé VOD
3%
1Robi
3%
3Sharkk
3%
4Zankioh
3%
1M3RY
2%
1Nameless
2%
1Packam TV
1%
1Wisethug
1%

Distribution des résultats

Percentile par nombre de réponses

% des personnes avec chaque résultat

Votre développement - résultats

Vous n’avez pas pris ce quiz depuis la dernière actualisation